000 00280nam a2200109Ia 4500
008 200302s9999 xx 000 0 und d
100 _aD. J. Duffin
245 _aThe Essentials of Modern Carpet Installation
260 _bD. Van Nostrand Co. Inc.
260 _c1962
300 _a324 P.,
999 _c428
_d428